Представление документа в формате RUSMARC

Поле Инд. ПП Название Значение
Тип записи a
Библиографический уровень a
001 Контрольный номер 1f803fb5eee742629c2dc5bd017f4ce1
005 Дата корректировки 20190925120735.8
100 a Данные общей обработки 20190925 ||| 0rusy0189 ca
101 0_ a Язык текста rus
102 a Страна публикации RU
200 1_ f Первые сведения об ответственности Д.Х. Валеев, А.Г. Нуриев
a Заглавие Российское правосудие в реалиях цифровой экономики
b Общее обозначение материала Текст
210 1_ d Дата издания 2019
461 _0 1 2000
a Арбитражный и гражданский процесс
463 _0 1 2000
a № 5
v С. 3-8
1 2101
d 2019
1 0017fbd651d8ef74d69befc8aba03da9100
606 a Основная рубрика Правоохранительные и судебные органы
610 0_ a Ключевые слова СУДЕБНАЯ СИСТЕМА
a Ключевые слова ИНФОРМАЦИОННОЕ ОБЩЕСТВО
a Ключевые слова ИНФОРМАЦИОННЫЕ И КОММУНИКАЦИОННЫЕ ТЕХНОЛОГИИ В СУДЕБНОЙ ДЕЯТЕЛЬНОСТИ
a Ключевые слова ИНФОРМАТИЗАЦИЯ СУДОВ
700 _1 a Фамилия Валеев
b Имя Д.Х.
701 _1 a Фамилия Нуриев
b Имя А.Г.
801 _0 a Страна RU
b Организация РГУП
c Дата составления 20190925
g Правила каталогизации PSBO
801 _1 a Страна RU
b Организация РГУП
c Дата составления 20190925
g Правила каталогизации PSBO
901 t Тип документа b
w Контрольный № источника 7fbd651d8ef74d69befc8aba03da9100
905 a Дата ввода 20190925